Os du pied - Statistiques

Statistiques générales
  • Ce quiz a été pris 1 522 fois
  • Le résultat moyen est 5 sur 9
Réponses sur la Carte
Les réponses sont colorées sur une échelle allant du rouge au vert en fonction du pourcentage des utilisateurs qui les ont devinées à leur premier essai. Vous pouvez retrouver ces pourcentages ci-dessous.
 
Statistiques - réponses
Réponse % Correct
Talus
77%
Phalanges Distales (5)
72%
Phalanges Proximales (5)
71%
Phalanges Intermédiaires (4)
68%
Os Cuboïde
67%
Os cunéiformes (3)
61%
Calcanéus
51%
Os Naviculaire
51%
Métatarses (5)
13%
Aucun quiz correspondant
Distribution des résultats
% des personnes avec chaque résultat
Percentile par nombre de réponses
Votre historique - résultats
Vous n’avez pas pris ce quiz